00779nam a22002057a 4500999001900000005001700019010001300036020002600049035001300075037000900088082001500097100001700112245010600129260003600235270004500271300002600316500004900342942002900391952015300420 c179568d17956820210622154713.0 aB-740268 a9788125016939c235.00 aB-740268 bGift a305.891495 aSubba, T. B. aPolitics of culture: ba study of three Kirata communities in the eastern Himalayas /cby T. B. Subba aHyderabadbOrient Longmanc2001 a3-6-272, HimayatnagarbHyderabade500029 axiv, 154p.c21cm(pbk) ainclude bibliographical references and index 2ddccENh305.891495mBHA 001040708NFICaMPbMPd2021-06-22eGift/Eng/02-06-2021g235.00l0o305.891495 BHApB-740268r2021-06-22 00:00:00t1v235.00w2021-06-22yENzGift